Comunidad civíl y comunidad cristiana
Gespeichert in:
| 1. Verfasser: | |
|---|---|
| Format: | Buch |
| Sprache: | Spanisch |
| Veröffentlicht: |
Tauro.
1967.
|
| Schlagworte: | |
| Tags: |
Tag hinzufügen
Keine Tags, Fügen Sie den ersten Tag hinzu!
|
MARC
| LEADER | 00000nam a22000005a 4500 | ||
|---|---|---|---|
| 001 | 11308 | ||
| 003 | CL-ChBUA | ||
| 005 | 20120815103325.0 | ||
| 008 | 070301s1967 uy 000 0 spa | ||
| 040 | |a CL-ChBUA |c CL-ChBUA | ||
| 082 | 0 | 0 | |a 261 |
| 090 | |c 11308 |d 11308 | ||
| 100 | 1 | |a Barth, Karl. | |
| 245 | 1 | 0 | |a Comunidad civíl y comunidad cristiana |
| 260 | |b Tauro. |c 1967. | ||
| 300 | |a 94 p. |c 18 cm. | ||
| 504 | |a Indice. | ||
| 650 | 4 | |a TEOLOGIA SOCIAL. | |
| 942 | |c LIB | ||
| 952 | |0 0 |1 0 |4 0 |7 0 |9 16316 |a UNACH |b UNACH |c 200 |d 2007-03-05 |i 7.557. |l 15 |m 15 |o 261 / B 284. |p 17315 |r 2025-12-29 13:32:23 |s 2025-11-05 |u 16316 |w 2012-08-08 |y LIB |k 261 / B 284. | ||
| 999 | |c 11308 |d 11308 | ||